000 00538nam a2200217Ia 4500
003 OSt
005 20221005121227.0
006 a|||||r|||| 00| 0
007 ta
008 221004b |||||||| |||| 00| 0 guj d
024 _a46533
037 _cTextual
040 _aCRL
_cCRL
_bguj
041 _2guj
_aguj
082 _aO156wN5, G0.2
100 _aParekh
_9227831
245 0 _aGrantha ane granthkar
650 _aGUJRATI LITERATURE
942 _hO156wN5, G0.2
_cTEXL
_2cc
999 _c1040515
_d1040515